London (Record no. 120638)

MARC details
000 -LEADER
fixed length control field 01023cai a22001935a 4500
001 - CONTROL NUMBER
control field L141734
008 - FIXED-LENGTH DATA ELEMENTS--GENERAL INFORMATION
fixed length control field 071217u xxk g 000 0 eng d
035 ## - SYSTEM CONTROL NUMBER
System control number (Sirsi) u141734
041 0# - LANGUAGE CODE
Language code of text/sound track or separate title eng
110 2# - MAIN ENTRY--CORPORATE NAME
Corporate name or jurisdiction name as entry element London Development Agency
9 (RLIN) 5482
245 00 - TITLE STATEMENT
Title London
Remainder of title green organisations
Medium [electronic resource]
520 ## - SUMMARY, ETC.
Summary, etc. Provides information and advice, tools and case studies to help small/medium and large organisations in London tackle climate change and adopt greener practices. Includes useful publications and links, sources of funding, a carbon calculator, advice on energy saving tools, and information about the Green500 scheme.
590 ## - LOCAL NOTE (RLIN)
Local note KA
651 #4 - SUBJECT ADDED ENTRY--GEOGRAPHIC NAME
Geographic name London (Greater London Authority)
-- 2000-
9 (RLIN) 3989
690 ## - LOCAL SUBJECT ADDED ENTRY--TOPICAL TERM (OCLC, RLIN)
Topical term or geographic name as entry element ENVIRONMENTAL AND LAND CONSULTANCY-ENVIRONMENTAL MANAGEMENT
710 2# - ADDED ENTRY--CORPORATE NAME
Corporate name or jurisdiction name as entry element London
Subordinate unit Greater London Authority
-- Mayor of London
9 (RLIN) 4869
856 40 - ELECTRONIC LOCATION AND ACCESS
Uniform Resource Identifier <a href="https://www.londonclimatechange.co.uk/greenorganisations/home/">https://www.londonclimatechange.co.uk/greenorganisations/home/</a>
Public note View the website free of charge at www.londonclimatechange.co.uk...
942 ## - ADDED ENTRY ELEMENTS (KOHA)
Suppress in OPAC 0
Holdings
Withdrawn status Lost status Source of classification or shelving scheme Damaged status Not for loan Home library Current library Shelving location Date acquired Total Checkouts Full call number Barcode Date last seen Copy number Price effective from Koha item type
    Dewey Decimal Classification     Virtual Virtual Online 17/12/2007   ONLINE PUBLICATION 141734-2001 06/08/2019 1 06/08/2019 Online material